Statistics for Name every playing card in 30 seconds

Click here to take the quiz!

General Stats

  • This quiz has been taken 19 times
  • The average score is 13 of 14

Answer Stats

Answer% Correct
Ace
100%
2
95%
3
95%
4
95%
5
95%
6
95%
7
95%
8
95%
9
95%
10
95%
Queen
95%
King
95%
Joker
95%
Jack
89%

Score Distribution

Percentile by Number Answered

Percent of People with Each Score

Your Score History

You have not taken this quiz